| 000 | 00839nam a22002777a 4500 | ||
|---|---|---|---|
| 003 | CHAP | ||
| 005 | 20220817042327.0 | ||
| 008 | 971013s1990 r 00010 d | ||
| 010 | _a40970 | ||
| 011 | _a41942 | ||
| 035 | _a46068 | ||
| 040 | _cCHAP | ||
| 082 |
_a635.9 _bT56 1990 |
||
| 100 | 0 | 0 |
_aThomas, Graham Stuart. _9112828 |
| 245 | _aPlants for ground-cover | ||
| 250 | _aEd. rev. | ||
| 260 |
_aPortland, Oregon : _bSagapress, _c1990 |
||
| 300 |
_a283 p. _b: ilus. |
||
| 590 |
_aBATCH-UPD _b10 _c20130110 _lUCH01 _h2042 |
||
| 590 |
_aCONVERSION _b10 _c20130109 _lUCH01 _h1323 |
||
| 650 | 1 | 4 | _aPlantas ornamentales. |
| 901 | _aBK | ||
| 942 | _cLIBRO | ||
| 949 |
_a635.9 T56 1990 _bBC _cC _d33724000421400 _eC _gI.174496 _h88399 _i46068 _si _t105.76 |
||
| 949 |
_a635.9 T56 1990 _bBC _cC _d33724000614079 _eC _fc.2 _h90520 _i46068 _mD. _si _t105.76 |
||
| 999 |
_c40970 _d40970 |
||